|
|
|
|
| LEADER |
01464nam a2200337 a 4500 |
| 001 |
mzk03000280077 |
| 003 |
CZ BrMZK |
| 005 |
20250814134938.0 |
| 008 |
010907s1757 gw fr|||||00| ||latod |
| 040 |
|
|
|a BOA001
|b cze
|
| 072 |
|
7 |
|a 094
|x Staré tisky
|2 Konspekt
|9 12
|
| 080 |
|
|
|a (0.068)094
|2 MRF
|
| 130 |
0 |
|
|a Epistolae obscurorum virorum.
|l Latinsky
|
| 245 |
1 |
0 |
|a Epistolarum obscurorum virorum ad Dom. M. Ortuinum Gratium, Volumina omnia ... Accesserunt huic Editioni tractatus rarissimi ... cum figuris aeneis.
|n T. 1
|
| 260 |
|
|
|a Francofurti :
|b Sumptibus Jo. August Raspe,
|c 1757
|
| 300 |
|
|
|a [8], 374 s., [11] příl. ;
|c 8°
|
| 500 |
|
|
|a Autorem prvního dílu je Joannes Crotus Rubianus (Johann Jäger)
|
| 500 |
|
|
|a Výzdoba: Mědirytinové přílohy, vlysy, viněty
|
| 561 |
|
|
|a Provenience: exlibris Friedrich Graf Sylva Tarouca
|
| 655 |
|
7 |
|a staré tisky
|7 fd422076
|2 czenas
|
| 700 |
0 |
|
|a Crotus Rubianus,
|d 1480-1545
|7 mzk2003197527
|4 aut
|
| 856 |
4 |
2 |
|u https://data.onb.ac.at/rep/108B553A
|y Digitalizovaný dokument
|z exemplář Österreichische Nationalbibliothek, sign. 46.Z.6.(Vol.1) ALT PRUNK
|
| 903 |
|
|
|a RP
|
| 910 |
|
|
|a BOA001
|b ST1-0004.879,1
|
| 978 |
|
|
|b Raspe, Johann August
|a Frankfurt a.M.
|c 1757
|
| 984 |
|
|
|a Frankfurt nad Mohanem
|b Německo
|
| 985 |
|
|
|a 1751-1800
|
| 990 |
|
|
|a BK
|
| 993 |
|
|
|a Y
|
| 991 |
|
|
|k mzk
|
| 996 |
6 |
|
|b 2619870594
|c ST1-0004.879,1
|l stud. ST
|r Sklad / do násl. otevíracího dne
|n 0
|w 000280077
|u 000010
|a 1
|e BOA001
|s P
|